000 00700nam a2200229 a 4500
001 23793
003 CO-ViMGA
008 141112s2004 ck r 000 u spa d
020 _a9789589076415
040 _aCO-ViMGA
_bspa
_cCO-ViMGA
082 0 4 _a613.71 A274
100 1 _aGallo Villegas, Jaime Alberto
_934424
245 1 0 _aActividad fisica y salud cardiovascular/
_cJaime Alberto Gallo Villegas
260 _aColombia :
_bUniversidad de Antioquia
300 _a459p.
650 1 4 _aEJERCICIOS
_949372
650 1 4 _aEJERCICIOS - ASPECTOS FISIOLOGICOS
_926155
650 1 4 _aENFERMEDADES CARDIOVASCULARES
_98005
650 1 4 _aMUERTE SUBITA
_934425
650 1 4 _aSALUD
_949719
942 _2ddc
_cBK
999 _c31876
_d31876